000
00272nam a2200097Ia 4500
005
20250424112930.0
008
250424s9999 xx 000 0 und d
300
_a
77 p. : ill ; 29 cm.
650
_a
Zoology--Nigeria--Periodicals. Animals--Nigeria--Periodicals.
942
_c
SR
999
_c
37956
_d
37956